Mácula (Record no. 1673)
[ view plain ]
| 000 -LEADER | |
|---|---|
| campo de control de longitud fija | 00716nam a2200157 4500 |
| 008 - DATOS DE LONGITUD FIJA--INFORMACIÓN GENERAL | |
| campo de control de longitud fija | 708 SA235m |
| 020 ## - NÚMERO INTERNACIONAL ESTÁNDAR DEL LIBRO | |
| Número Internacional Estándar del Libro | 9788417047382 |
| 082 ## - NÚMERO DE LA CLASIFICACIÓN DECIMAL DEWEY | |
| Número de clasificación | 708 |
| Número de ítem | SA235m |
| 100 ## - ENTRADA PRINCIPAL--NOMBRE DE PERSONA | |
| Nombre de persona | Santillán, Oscar |
| 9 (RLIN) | 6798 |
| 245 ## - MENCIÓN DEL TÍTULO | |
| Título | Mácula |
| 260 ## - PUBLICACIÓN, DISTRIBUCIÓN, ETC. | |
| Lugar de publicación, distribución, etc. | Ciudad de México |
| Nombre del editor, distribuidor, etc. | Museo Universitario de Arte Contemporáneo |
| Fecha de publicación, distribución, etc. | 2017 |
| 300 ## - DESCRIPCIÓN FÍSICA | |
| Extensión | 64 p. |
| Otras características físicas | ill (col) |
| Dimensiones | 22 x 16,5 cm |
| 505 ## - NOTA DE CONTENIDO CON FORMATO | |
| Título | Danza entre las constelaciones |
| Mención de responsabilidad | Cuauhtémoc Medina |
| Título | Astronomía inversa |
| Mención de responsabilidad | Oscar Santillán |
| Título | Paraficción, autoficción, perficción: algunas reflexiones sobre la obra de Oscar Santillán |
| Mención de responsabilidad | Timotheus Vermeulen |
| Título | Semblanza |
| -- | Catálogo |
| -- | Créditos |
| 600 ## - PUNTO DE ACCESO ADICIONAL DE MATERIA--NOMBRE DE PERSONA | |
| Subdivisión general | arte contemporáneo |
| -- | arte - exhibiciones |
| -- | Ecuador |
| 9 (RLIN) | 6799 |
| 700 ## - ENTRADA AGREGADA--NOMBRE PERSONAL | |
| Nombre de persona | Alvarez Romero, Ekaterina (Edición) |
| 9 (RLIN) | 6792 |
| Estatus retirado | Estado de pérdida | Fuente del sistema de clasificación o colocación | Estado de daño | No para préstamo | Biblioteca de origen | Biblioteca actual | Ubicación en estantería | Fecha de adquisición | Total de préstamos | Signatura topográfica completa | Código de barras | Visto por última vez | Precio de reemplazo | Tipo de ítem Koha |
|---|---|---|---|---|---|---|---|---|---|---|---|---|---|---|
| Clasificación Decimal Dewey | Biblioteca LadoV | Biblioteca LadoV | 21/11/2018 | 708 SA235m | 004692 | 21/11/2018 | 21/11/2018 | Material 01 |
